000 00615nam a2200217Ia 4500
005 20250508164518.0
008 008 250505s9999 xx 000 0 eng d
037 _aTextual
040 _aFEDL
_beng
_cFEDL
041 _aeng
_2eng
084 _a330.954, SWA
_qFEDL
100 _aSwamy Dalip S
245 0 _aWorld bank and globalisation of Indian economy
260 _aDelhi, India
_bDelhi Public Interest Research Group
_c1994
300 _a32p.
365 _aINR
_b30
546 _aMACESE
650 _aEconomy - India
_9778333
942 _cTEXL
_h330.954, SWA
999 _c1389502
_d1389502